[Event "Wch Juvenil 2013 sub-16 femenino"]
[Site "Al-Ain UAE"]
[Date "2013.12.26"]
[Round "9.35"]
[White "Assaubayeva, Diana"]
[Black "Narzikulova, Gulhae"]
[Result "1-0"]
[WhiteElo "1974"]
[BlackElo "1769"]
[PlyCount "61"]
[EventDate "2013.12.19"]
[EventType "swiss"]
[EventRounds "11"]
[EventCountry "UAE"]
[Source "lmi"]
[SourceDate "2013.12.19"]

1. c4 Nf6 2. g3 g6 3. Bg2 Bg7 4. Nc3 O-O 5. e4 d6 6. Nge2 Nbd7 7. O-O Ne5 8. d3
c5 9. f4 Nc6 10. h3 Ne8 11. Be3 Nd4 12. Rb1 Rb8 13. Kh2 b6 14. Bxd4 cxd4 15.
Nb5 e5 16. Nxa7 Bd7 17. Nb5 d5 18. Qd2 Bc6 19. a4 Qd7 20. Rf2 dxe4 21. dxe4 Nf6
22. Qd3 Rbd8 23. Re1 Qb7 24. Nc1 Nh5 25. f5 Bh6 26. Na2 Be3 27. Rxe3 dxe3 28.
Qxe3 gxf5 29. Qg5+ Ng7 30. exf5 Bxg2 31. Rxg2 1-0

[Event "Wch Juvenil 2013 sub-16 femenino"]
[Site "Al-Ain UAE"]
[Date "2013.12.26"]
[Round "9.36"]
[White "Virkud, Apurva"]
[Black "Du Toit, Sune"]
[Result "1-0"]
[WhiteElo "1969"]
[BlackElo "1728"]
[PlyCount "87"]
[EventDate "2013.12.19"]
[EventType "swiss"]
[EventRounds "11"]
[EventCountry "UAE"]
[Source "lmi"]
[SourceDate "2013.12.19"]

1. d4 d5 2. c4 e6 3. Nc3 Nf6 4. cxd5 exd5 5. Bg5 Be7 6. e3 c6 7. Bd3 O-O 8.
Nge2 Nbd7 9. O-O Re8 10. f3 Nf8 11. Bh4 Ng6 12. Bf2 Bd6 13. e4 dxe4 14. fxe4
Ng4 15. e5 Nxf2 16. Rxf2 Bf8 17. Qc2 Be6 18. Raf1 Rc8 19. a3 b6 20. Be4 Be7 21.
Bd3 Nf8 22. Bf5 Bxf5 23. Qxf5 f6 24. Ne4 fxe5 25. dxe5 Qd7 26. Qf7+ Kh8 27.
N2g3 Qe6 28. Qxe6 Nxe6 29. Nf5 Rcd8 30. Ned6 Bxd6 31. Nxd6 Kg8 32. Nxe8 Rxe8
33. Rf7 Nd8 34. Rxa7 Rxe5 35. Ra8 Rd5 36. Rb8 b5 37. b3 g6 38. a4 bxa4 39. bxa4
Kg7 40. a5 Ne6 41. a6 Ra5 42. Rb7+ Kh8 43. a7 Nd8 44. Rb8 1-0

[Event "Wch Juvenil 2013 sub-16 femenino"]
[Site "Al-Ain UAE"]
[Date "2013.12.26"]
[Round "9.37"]
[White "Fuskova, Martina"]
[Black "Bermudez Veliz, Josselyn"]
[Result "1/2-1/2"]
[WhiteElo "1969"]
[BlackElo "1679"]
[PlyCount "72"]
[EventDate "2013.12.19"]
[EventType "swiss"]
[EventRounds "11"]
[EventCountry "UAE"]
[Source "lmi"]
[SourceDate "2013.12.19"]

1. e4 c5 2. Nf3 d6 3. d4 cxd4 4. Nxd4 a6 5. Nc3 e6 6. Be2 b6 7. Be3 Bb7 8. Bf3
Nd7 9. Qe2 Ngf6 10. O-O-O Rc8 11. Bd2 Be7 12. g4 Ne5 13. g5 Nxf3 14. Nxf3 Nd7
15. h4 Qc7 16. Bf4 Nc5 17. Nd2 b5 18. a3 O-O 19. f3 Na4 20. Ndb1 Nxc3 21. Nxc3
Qa5 22. Na2 d5 23. exd5 Bxa3 24. bxa3 Qxa3+ 25. Kb1 Bxd5 26. Rxd5 exd5 27. Qe3
Qa4 28. Rh2 Rc4 29. Bd6 Rfc8 30. Re2 b4 31. Qb3 Qxb3+ 32. cxb3 Rxh4 33. Nxb4
Rh1+ 34. Kb2 h6 35. Nxd5 hxg5 36. Ne7+ Kh7 1/2-1/2

[Event "Wch Juvenil 2013 sub-16 femenino"]
[Site "Al-Ain UAE"]
[Date "2013.12.26"]
[Round "9.38"]
[White "Shao, Stephanie"]
[Black "Poteat, Lilia M"]
[Result "1-0"]
[WhiteElo "1673"]
[BlackElo "1866"]
[PlyCount "71"]
[EventDate "2013.12.19"]
[EventType "swiss"]
[EventRounds "11"]
[EventCountry "UAE"]
[Source "lmi"]
[SourceDate "2013.12.19"]

1. e4 e5 2. Nf3 Nc6 3. d4 exd4 4. Nxd4 Bb4+ 5. c3 Be7 6. Be3 Nf6 7. f3 O-O 8.
Bc4 Ne5 9. Be2 d5 10. exd5 Nxd5 11. Bf2 Bg5 12. Na3 Re8 13. O-O Ng6 14. Nac2
Ngf4 15. Bd3 Qf6 16. Be4 c5 17. Ne2 Rd8 18. Qe1 Nxe2+ 19. Qxe2 Nf4 20. Qb5 Qh6
21. Rad1 Be6 22. Rfe1 a6 23. Qf1 Rd7 24. Bxc5 Rc8 25. Rxd7 Bxd7 26. Be3 Bb5 27.
Qf2 Re8 28. Nd4 Bd7 29. Kh1 g6 30. Qd2 b5 31. Ne2 Nxg2 32. Bxg5 Qh3 33. Rg1 h6
34. Bf6 Nh4 35. Qxh6 Nf5 36. Qxh3 1-0

[Event "Wch Juvenil 2013 sub-16 femenino"]
[Site "Al-Ain UAE"]
[Date "2013.12.26"]
[Round "9.39"]
[White "Markaki, Sofia"]
[Black "Mendez Tovar, Rosario Trin"]
[Result "1-0"]
[WhiteElo "1789"]
[BlackElo "1612"]
[PlyCount "70"]
[EventDate "2013.12.19"]
[EventType "swiss"]
[EventRounds "11"]
[EventCountry "UAE"]
[Source "lmi"]
[SourceDate "2013.12.19"]

1. e4 c5 2. Nf3 d6 3. d4 cxd4 4. Nxd4 Nf6 5. Nc3 g6 6. Be3 Bg7 7. f3 Nc6 8. Qd2
Bd7 9. O-O-O a6 10. g4 Rc8 11. Kb1 b5 12. Nxc6 Rxc6 13. g5 Nh5 14. Bd4 O-O 15.
Bxg7 Kxg7 16. Be2 Qa5 17. Qd4+ e5 18. Qd2 Rfc8 19. Nd5 Qd8 20. Rc1 Be6 21. f4
Nxf4 22. Nxf4 exf4 23. Qxf4 Qa5 24. b3 Qb6 25. Qf6+ Kg8 26. h4 d5 27. Qb2 dxe4
28. h5 Rc3 29. hxg6 fxg6 30. Qa3 Bf5 31. Qb4 Qc5 32. Qxc5 R8xc5 33. Kb2 Re3 34.
Rce1 Rec3 35. Bd1 Kg7 1-0

[Event "Wch Juvenil 2013 sub-16 femenino"]
[Site "Al-Ain UAE"]
[Date "2013.12.26"]
[Round "9.41"]
[White "Messaoui, Amira"]
[Black "Rodsmoen, Maud"]
[Result "0-1"]
[WhiteElo "1605"]
[BlackElo "1772"]
[PlyCount "94"]
[EventDate "2013.12.19"]
[EventType "swiss"]
[EventRounds "11"]
[EventCountry "UAE"]
[Source "lmi"]
[SourceDate "2013.12.19"]

1. e4 e5 2. Bc4 Nc6 3. d3 Nf6 4. Nf3 Bc5 5. c3 d6 6. h3 a6 7. Bb3 Ba7 8. Nbd2
O-O 9. Nf1 h6 10. Ng3 Re8 11. O-O Ne7 12. Be3 Ng6 13. Qd2 Be6 14. Bxe6 fxe6 15.
d4 exd4 16. cxd4 d5 17. exd5 Nxd5 18. Nh5 Nxe3 19. fxe3 e5 20. Qf2 exd4 21.
Nxd4 Bxd4 22. exd4 Qd5 23. Ng3 Rad8 24. Ne2 Re7 25. Rfd1 Qe6 26. Nf4 Nxf4 27.
Qxf4 Rf7 28. Qd2 Rfd7 29. Qc3 Qb6 30. Qb3+ Qxb3 31. axb3 Rxd4 32. Rxd4 Rxd4 33.
Rc1 c6 34. Rc2 Rd3 35. Rc3 Rd2 36. Re3 Rxb2 37. Kh2 Kf7 38. Kg3 Kf6 39. h4 a5
40. Rc3 Ke5 41. Rc5+ Kd4 42. Rxa5 Rxb3+ 43. Kf4 c5 44. Ra4+ Rb4 45. Ra1 Kd5+
46. Kg3 c4 47. Rc1 Rb3+ 0-1

[Event "Wch Juvenil 2013 sub-16 femenino"]
[Site "Al-Ain UAE"]
[Date "2013.12.26"]
[Round "9.42"]
[White "Schnegg, Anna-Lena"]
[Black "Wen, Jessica"]
[Result "1-0"]
[WhiteElo "2075"]
[BlackElo "1646"]
[PlyCount "71"]
[EventDate "2013.12.19"]
[EventType "swiss"]
[EventRounds "11"]
[EventCountry "UAE"]
[Source "lmi"]
[SourceDate "2013.12.19"]

1. e4 e5 2. Nf3 Nc6 3. Bb5 Nf6 4. d3 Bc5 5. O-O d6 6. c3 O-O 7. Bg5 h6 8. Bh4
Bd7 9. Ba4 Re8 10. Nbd2 a6 11. Re1 b5 12. Bc2 g5 13. Bg3 Kh8 14. Nf1 Bb6 15.
Bb3 Qe7 16. Ne3 Rg8 17. Qd2 Rg7 18. Bc2 Rag8 19. d4 h5 20. Nd5 Nxd5 21. exd5
Na5 22. dxe5 Nc4 23. Qe2 Bg4 24. h3 Bxf3 25. Qxf3 g4 26. hxg4 hxg4 27. Qf5 Qg5
28. exd6 cxd6 29. b3 Na5 30. Kf1 Qxf5 31. Bxf5 Rg5 32. Be4 Nb7 33. Bh4 Rh5 34.
Bf6+ Rg7 35. Bc2 g3 36. Re8# 1-0

[Event "Wch Juvenil 2013 sub-16 femenino"]
[Site "Al-Ain UAE"]
[Date "2013.12.26"]
[Round "9.43"]
[White "Liscinska, Jana"]
[Black "Munoz, Claudia"]
[Result "0-1"]
[WhiteElo "1643"]
[BlackElo "1781"]
[PlyCount "140"]
[EventDate "2013.12.19"]
[EventType "swiss"]
[EventRounds "11"]
[EventCountry "UAE"]
[Source "lmi"]
[SourceDate "2013.12.19"]

1. c4 Nf6 2. Nc3 e6 3. g3 Be7 4. Bg2 O-O 5. Nf3 c5 6. O-O d5 7. d3 d4 8. Nb5 a6
9. Na3 Nc6 10. Nc2 Qc7 11. a3 e5 12. Rb1 a5 13. Bd2 a4 14. e3 Rd8 15. Qe2 e4
16. Nfe1 dxe3 17. Bxe3 exd3 18. Nxd3 Nd4 19. Nxd4 cxd4 20. Bf4 Bd6 21. Bxd6
Qxd6 22. c5 Qa6 23. Rbd1 Bf5 24. Rfe1 Re8 25. Qf1 Bxd3 26. Rxe8+ Rxe8 27. Qxd3
Re1+ 28. Bf1 Qe6 29. Qxd4 h6 30. Qxa4 Re5 31. b4 Ne4 32. Qd7 Qg6 33. Qd8+ Kh7
34. Qd3 f5 35. f3 Nf6 36. Qd4 Qe8 37. Qd8 Qa4 38. Qd4 Rd5 39. Qxd5 Nxd5 40.
Rxd5 Qxa3 41. Rxf5 Qxb4 42. g4 g6 43. Rd5 Kg7 44. Kg2 Qb3 45. Rd7+ Kf8 46. Kg3
Ke8 47. Rh7 Qb1 48. Bg2 Qe1+ 49. Kh3 Qe3 50. Rxb7 Qxc5 51. Rh7 Qg5 52. Rh8+ Kf7
53. Ra8 Qe3 54. Kg3 Qe1+ 55. Kh3 g5 56. Ra7+ Ke8 57. Ra8+ Kd7 58. Ra7+ Kd8 59.
Ra8+ Kc7 60. Bh1 Qxh1 61. Kg3 Qg1+ 62. Kh3 Qf2 63. Rf8 Kd7 64. Rf5 Ke6 65. Rf8
Ke5 66. Rf5+ Kd4 67. Rf8 Kd3 68. Rd8+ Ke2 69. Rf8 Kf1 70. f4 Qf3# 0-1

[Event "Wch Juvenil 2013 sub-16 femenino"]
[Site "Al-Ain UAE"]
[Date "2013.12.26"]
[Round "9.44"]
[White "Ghaemmaghami, Pegah"]
[Black "Ahmadova, Fatima"]
[Result "1-0"]
[WhiteElo "1723"]
[BlackElo "1634"]
[PlyCount "111"]
[EventDate "2013.12.19"]
[EventType "swiss"]
[EventRounds "11"]
[EventCountry "UAE"]
[Source "lmi"]
[SourceDate "2013.12.19"]

1. c4 c5 2. Nc3 Nc6 3. Nf3 e5 4. e4 g6 5. Be2 Bg7 6. O-O Nge7 7. a3 O-O 8. Rb1
d6 9. b4 f5 10. d3 Nd4 11. Nxd4 cxd4 12. Nd5 Nxd5 13. cxd5 f4 14. Bg4 Bxg4 15.
Qxg4 Qc8 16. Qxc8 Raxc8 17. Bb2 Rc2 18. a4 Rfc8 19. Rfc1 Kf7 20. Ba3 R8c3 21.
Rxc2 Rxc2 22. b5 Bf8 23. Bb4 Be7 24. Kf1 Ke8 25. Ke1 f3 26. gxf3 Bh4 27. Bxd6
Rxf2 28. Kd1 Rxf3 29. Kc2 Bf6 30. Rd1 h5 31. h4 Rf4 32. Rg1 Kf7 33. Bc7 Rg4 34.
Rf1 Rf4 35. Rxf4 exf4 36. Bxf4 Bxh4 37. Kd2 Bf2 38. Ke2 Bh4 39. Kf3 Bf6 40. e5
g5 41. Bg3 Bd8 42. Ke4 h4 43. Bf2 g4 44. Bxd4 h3 45. e6+ Ke8 46. Be5 Bh4 47. d6
g3 48. Kf3 g2 49. Bd4 b6 50. Bf2 Bxf2 51. Kxf2 Kd8 52. d4 Ke8 53. d7+ Kd8 54.
d5 Ke7 55. Kg1 Kd8 56. d6 1-0

[Event "Wch Juvenil 2013 sub-16 femenino"]
[Site "Al-Ain UAE"]
[Date "2013.12.26"]
[Round "9.45"]
[White "Fisher, Michelle M"]
[Black "Giblon, Rebecca"]
[Result "0-1"]
[WhiteElo "1627"]
[BlackElo "1715"]
[PlyCount "144"]
[EventDate "2013.12.19"]
[EventType "swiss"]
[EventRounds "11"]
[EventCountry "UAE"]
[Source "lmi"]
[SourceDate "2013.12.19"]

1. e4 e5 2. Nf3 Nc6 3. d4 exd4 4. Bc4 Bc5 5. c3 Nf6 6. cxd4 Bb4+ 7. Nc3 Nxe4 8.
O-O Bxc3 9. d5 Bf6 10. Re1 Ne7 11. Rxe4 d6 12. Bg5 Bf5 13. Qa4+ Bd7 14. Qc2
Bxg5 15. Nxg5 h6 16. Rae1 hxg5 17. Qe2 O-O 18. Rxe7 Re8 19. Rxe8+ Qxe8 20. Qd2
Qd8 21. Bd3 Qf6 22. Re3 Re8 23. Rf3 Qe5 24. Re3 Qf4 25. g3 Qf6 26. Rxe8+ Bxe8
27. Qb4 Qf3 28. Be4 Qd1+ 29. Kg2 Qa4 30. Qxa4 Bxa4 31. b3 Bd7 32. Kf3 f5 33.
Bd3 Kf7 34. Ke3 Kf6 35. f4 gxf4+ 36. gxf4 Kg6 37. Be2 Kf6 38. h4 Kg6 39. b4 Kh6
40. b5 Be8 41. Kf2 c6 42. bxc6 bxc6 43. Bf3 c5 44. Be2 Kg6 45. Bc4 Kf7 46. Ke3
Ke7 47. Kd3 Kd8 48. Kc3 Kc7 49. Kb3 Kb6 50. Bd3 Bd7 51. h5 Be8 52. h6 gxh6 53.
Bxf5 Kc7 54. Kc4 Kd8 55. Kd3 Ke7 56. Be4 Kf6 57. Ke3 Bg6 58. Bf3 h5 59. Bg2 h4
60. Bh3 Bf5 61. Bg2 Bg4 62. Be4 Bf5 63. Bf3 Bb1 64. a3 Kf5 65. Bh5 Bc2 66. Bf3
h3 67. Bh1 Kg4 68. Kd2 Bf5 69. Ke3 Kg3 70. Bf3 h2 71. Bh1 Bh3 72. f5 Bxf5 0-1

[Event "Wch Juvenil 2013 sub-16 femenino"]
[Site "Al-Ain UAE"]
[Date "2013.12.26"]
[Round "9.49"]
[White "Kahanda, I D S."]
[Black "Ebeling, Gabriela"]
[Result "1-0"]
[WhiteElo "1647"]
[BlackElo "1570"]
[PlyCount "117"]
[EventDate "2013.12.19"]
[EventType "swiss"]
[EventRounds "11"]
[EventCountry "UAE"]
[Source "lmi"]
[SourceDate "2013.12.19"]

1. e4 e5 2. Nf3 Nf6 3. Nc3 Nc6 4. Bc4 Bc5 5. d3 O-O 6. Bg5 h6 7. Bh4 Bb4 8. O-O
Bxc3 9. bxc3 d6 10. h3 Be6 11. Bb3 Qe7 12. c4 g5 13. Nxg5 hxg5 14. Bxg5 Kg7 15.
f4 Qe8 16. fxe5 Nh7 17. Qh5 f6 18. Qh6+ Kg8 19. Bxf6 Nxf6 20. exf6 Rf7 21. Qg5+
Kh8 22. c5 Bxb3 23. axb3 dxc5 24. Rf5 Qg8 25. Qf4 b6 26. Rh5+ Rh7 27. Rxh7+
Qxh7 28. Rf1 Nd4 29. Qe5 Qf7 30. Rf2 Re8 31. Qf4 Rf8 32. Qh6+ Kg8 33. Qg5+ Kh8
34. g4 Rg8 35. Qe5 Re8 36. Qg5 Rg8 37. Qh4+ Qh7 38. Qg3 Qh6 39. Qe5 Rf8 40. g5
Qh5 41. f7+ Kh7 42. Qe7 Kg7 43. Qf6+ Kh7 44. Kh2 Qg6 45. Qf4 Qd6 46. e5 Qg6 47.
h4 Kg7 48. Qg4 Rxf7 49. Rf6 Rxf6 50. exf6+ Kf8 51. h5 Qe8 52. h6 Qe5+ 53. Kh3
Qe3+ 54. Kh4 Qf2+ 55. Kh5 Qh2+ 56. Kg6 Qe5 57. Qc8+ Qe8+ 58. Qxe8+ Kxe8 59. h7
1-0

[Event "Wch Juvenil 2013 sub-16 femenino"]
[Site "Al-Ain UAE"]
[Date "2013.12.26"]
[Round "9.50"]
[White "Methmani, Nelunika"]
[Black "Karania, Saloni"]
[Result "1-0"]
[WhiteElo "1672"]
[BlackElo "1210"]
[PlyCount "63"]
[EventDate "2013.12.19"]
[EventType "swiss"]
[EventRounds "11"]
[EventCountry "UAE"]
[Source "lmi"]
[SourceDate "2013.12.19"]

1. d4 b6 2. c4 Bb7 3. Nc3 e6 4. e4 Bb4 5. Bd3 Nf6 6. Qc2 Nc6 7. Nge2 Ne7 8. O-O
Bxc3 9. Nxc3 d5 10. cxd5 exd5 11. e5 Nd7 12. Re1 Nb8 13. e6 fxe6 14. Rxe6 Nbc6
15. Bb5 a6 16. Bxc6+ Bxc6 17. Bg5 Kd7 18. Rxe7+ Kc8 19. Rxg7 Qf8 20. Rxh7 Kb7
21. Rxh8 Qxh8 22. Ne2 Qh5 23. Rc1 Qf7 24. Qxc6+ Kb8 25. Bf4 Ra7 26. Qxb6+ Ka8
27. Rxc7 Rxc7 28. Bxc7 Qxc7 29. Qxc7 a5 30. Nc3 a4 31. Nb5 a3 32. Qa7# 1-0

[Event "Wch Juvenil 2013 sub-16 femenino"]
[Site "Al-Ain UAE"]
[Date "2013.12.26"]
[Round "9.51"]
[White "Jacobsen, Caroline Beer"]
[Black "Breedt, Shade"]
[Result "0-1"]
[WhiteElo "1621"]
[BlackElo "1638"]
[PlyCount "74"]
[EventDate "2013.12.19"]
[EventType "swiss"]
[EventRounds "11"]
[EventCountry "UAE"]
[Source "lmi"]
[SourceDate "2013.12.19"]

1. e4 c5 2. d3 d6 3. f4 Nc6 4. Be2 g6 5. Nf3 Bg7 6. O-O Nf6 7. Kh1 O-O 8. Be3
Ng4 9. Bg1 Bxb2 10. Nbd2 Bxa1 11. Qxa1 b5 12. h3 Nf6 13. Be3 Rb8 14. Nh4 Qa5
15. a3 b4 16. a4 Bd7 17. f5 Nd4 18. Bxd4 cxd4 19. Qe1 Bxa4 20. Nb3 Bxb3 21.
cxb3 Nd7 22. Qg3 Qe5 23. Rf4 Qg7 24. fxg6 fxg6 25. Rg4 Qe5 26. Nxg6 hxg6 27.
Rxg6+ Kf7 28. Rg5 Qxg3 29. Bh5+ Kf6 30. Rxg3 Ne5 31. h4 Rg8 32. Rh3 Rg7 33. Be2
Rbg8 34. Rh2 Ng4 35. Bxg4 Rxg4 36. h5 Rh8 37. h6 Rh7 0-1

[Event "Wch Juvenil 2013 sub-16 femenino"]
[Site "Al-Ain UAE"]
[Date "2013.12.26"]
[Round "9.54"]
[White "Solis Carbajal, Minueth Si"]
[Black "Mira, Sarhan"]
[Result "0-1"]
[WhiteElo "1602"]
[BlackElo "1312"]
[PlyCount "120"]
[EventDate "2013.12.19"]
[EventType "swiss"]
[EventRounds "11"]
[EventCountry "UAE"]
[Source "lmi"]
[SourceDate "2013.12.19"]

1. e4 d5 2. exd5 Qxd5 3. Nc3 Qa5 4. Nf3 Nf6 5. Bc4 c6 6. O-O Bf5 7. d3 e6 8.
Re1 Nbd7 9. Nh4 Bg6 10. Bd2 Qc7 11. a3 Bd6 12. d4 Bxh2+ 13. Kf1 Bd6 14. Qf3 Nd5
15. Bg5 N7b6 16. Bxd5 cxd5 17. Rac1 Rc8 18. Qh3 O-O 19. Nxg6 hxg6 20. Kg1 Qd7
21. g3 Rfe8 22. Kg2 f6 23. Be3 Kf7 24. Rh1 Qd8 25. Qg4 a6 26. Ne2 f5 27. Qf3
Rh8 28. g4 Nc4 29. gxf5 Nxe3+ 30. Qxe3 gxf5 31. Rxh8 Qxh8 32. Rh1 Qg8 33. Qb3
Rb8 34. Qf3 g6 35. Qb3 a5 36. Nc1 Qg7 37. Qe3 Rh8 38. Rg1 Qh6 39. Qxh6 Rxh6 40.
Nd3 Rh4 41. Rh1 Rxh1 42. Kxh1 g5 43. b4 Ke7 44. Kg2 Bc7 45. c3 b5 46. Nc5 axb4
47. cxb4 Bf4 48. a4 bxa4 49. Nxa4 e5 50. Nb6 exd4 51. Nxd5+ Kd6 52. Nxf4 gxf4
53. Kf3 d3 54. Kxf4 d2 55. Kxf5 d1=Q 56. f4 Qd3+ 57. Kg5 Qb5+ 58. f5 Qxb4 59.
Kg6 Qb7 60. f6 Ke6 0-1

[Event "Wch Juvenil 2013 sub-16 femenino"]
[Site "Al-Ain UAE"]
[Date "2013.12.26"]
[Round "9.55"]
[White "Ait Abbas, Nesrine"]
[Black "Terubea, Cydel"]
[Result "1-0"]
[WhiteElo "1444"]
[BlackElo "1262"]
[PlyCount "127"]
[EventDate "2013.12.19"]
[EventType "swiss"]
[EventRounds "11"]
[EventCountry "UAE"]
[Source "lmi"]
[SourceDate "2013.12.19"]

1. c4 e5 2. Nc3 Nf6 3. g3 c6 4. Bg2 Be7 5. Nf3 d6 6. d3 O-O 7. O-O a6 8. a3 Bd7
9. b4 Qc8 10. Na4 Bd8 11. c5 Bh3 12. cxd6 Bxg2 13. Kxg2 Qe6 14. Nc5 Qxd6 15.
Nxb7 Qc7 16. Nxd8 Rxd8 17. Bb2 e4 18. Ne5 exd3 19. Nxd3 a5 20. Qc2 axb4 21.
axb4 Nbd7 22. Rfc1 Rac8 23. Kg1 Nb8 24. Be5 Qb7 25. Bxb8 Rxb8 26. Qxc6 Qe7 27.
Ra2 Rd6 28. Qc7 Qf8 29. Rac2 Re8 30. Qc5 Nd7 31. Qf5 g6 32. Qg4 Nf6 33. Qc4 Re4
34. Qc8 Re8 35. Qb7 Rd7 36. Qf3 Rd6 37. Nc5 Kg7 38. b5 Rb6 39. Rb2 Reb8 40. Qd3
Rd8 41. Qc3 Kg8 42. Na4 Rbd6 43. b6 Nd7 44. b7 Nb8 45. Qb3 Qe7 46. e3 Rd3 47.
Qc4 R3d7 48. Qc8 Qa3 49. Qc2 Qe7 50. Qb1 Qf6 51. Qe4 Re7 52. Qf4 Qa6 53. Qh4
Ree8 54. Qc4 Qf6 55. Qc3 Qe7 56. Nc5 Rd6 57. Nd3 Red8 58. Ne5 Rd5 59. Nc6 Rd1+
60. Kg2 Rxc1 61. Nxe7+ Kf8 62. Nxg6+ hxg6 63. Qxc1 Re8 64. Rc2 1-0

[Event "Wch Juvenil 2013 sub-16 femenino"]
[Site "Al-Ain UAE"]
[Date "2013.12.27"]
[Round "10.2"]
[White "Gu, Tianlu"]
[Black "Velikic, Adela"]
[Result "1-0"]
[WhiteElo "2128"]
[BlackElo "2055"]
[PlyCount "119"]
[EventDate "2013.12.19"]
[EventType "swiss"]
[EventRounds "11"]
[EventCountry "UAE"]
[Source "lmi"]
[SourceDate "2013.12.19"]

1. e4 c5 2. Nf3 d6 3. d4 cxd4 4. Nxd4 Nf6 5. Nc3 Nc6 6. h3 g6 7. Be3 Bg7 8. Be2
O-O 9. O-O Bd7 10. Nb3 a5 11. a4 Nb4 12. f4 Rc8 13. Bf3 Bc6 14. Qe2 Qc7 15. Qf2
Nd7 16. Rfd1 b6 17. Nd4 Nc5 18. Nxc6 Nxc6 19. Nb5 Qb8 20. c3 Na7 21. Nd4 e5 22.
Ne2 Nc6 23. f5 Rfd8 24. Qh4 Qc7 25. Bg5 Re8 26. f6 Bh8 27. Rd5 Ne6 28. Rad1
Rcd8 29. Be3 Nc5 30. Bg4 Nxe4 31. Rf1 Nb8 32. Ng3 Nxg3 33. Qxg3 Nd7 34. Bxd7
Rxd7 35. Qf2 Re6 36. Bxb6 Qc6 37. Rfd1 Rxf6 38. Qe3 Bg7 39. Bxa5 Qxa4 40. Bb4
Bf8 41. Qd3 Qc6 42. Ba5 Qb7 43. b4 Qa7+ 44. Kh1 Rb7 45. Bd8 Rf2 46. Ra5 Qb8 47.
Bg5 Rf5 48. Be3 Qd8 49. Qe4 Rb8 50. Ra7 Qf6 51. Qc4 Qe6 52. Qe4 Qb3 53. Qd3 Qe6
54. Rda1 e4 55. Qe2 Bg7 56. Ra8 Qc8 57. Rxb8 Qxb8 58. Qc4 d5 59. Qc6 Bf8 60.
Ra8 1-0

[Event "Wch Juvenil 2013 sub-16 femenino"]
[Site "Al-Ain UAE"]
[Date "2013.12.27"]
[Round "10.3"]
[White "Styazhkina, Anna"]
[Black "Wozniak, Mariola"]
[Result "0-1"]
[WhiteElo "2241"]
[BlackElo "2079"]
[PlyCount "80"]
[EventDate "2013.12.19"]
[EventType "swiss"]
[EventRounds "11"]
[EventCountry "UAE"]
[Source "lmi"]
[SourceDate "2013.12.19"]

1. e4 c5 2. Nf3 d6 3. d4 cxd4 4. Nxd4 Nf6 5. Nc3 a6 6. Be3 e6 7. f3 b5 8. Qd2
Bb7 9. g4 Nfd7 10. O-O-O Nb6 11. Qf2 N8d7 12. Bd3 Rc8 13. Nce2 Qc7 14. Kb1 e5
15. Nf5 d5 16. Rhe1 dxe4 17. fxe4 Nc5 18. Nc3 Nba4 19. Bxb5+ Bc6 20. Bxa4 Nxa4
21. Nxa4 Bxa4 22. b3 g6 23. Nh6 Bb4 24. Rf1 Rf8 25. Bb6 Qe7 26. g5 Qxg5 27. Be3
Qe7 28. h4 Bc3 29. Bg5 f6 30. Bc1 Bb5 31. Rg1 Bc6 32. Qf3 Qb4 33. Ng4 Bxe4 34.
Qe2 a5 35. Qa6 Rc6 36. Qa8+ Kf7 37. Qa7+ Kg8 38. Nh6+ Kh8 39. Rd7 Bxc2+ 40.
Kxc2 Bd4+ 0-1

[Event "Wch Juvenil 2013 sub-16 femenino"]
[Site "Al-Ain UAE"]
[Date "2013.12.27"]
[Round "10.4"]
[White "Nicolas Zapata, Irene"]
[Black "Harutyunyan, Ani"]
[Result "1-0"]
[WhiteElo "2237"]
[BlackElo "1916"]
[PlyCount "81"]
[EventDate "2013.12.19"]
[EventType "swiss"]
[EventRounds "11"]
[EventCountry "UAE"]
[Source "lmi"]
[SourceDate "2013.12.19"]

1. Nf3 Nf6 2. c4 c5 3. e3 Nc6 4. d4 cxd4 5. exd4 d5 6. Nc3 Bf5 7. c5 e6 8. Bb5
Nd7 9. h3 Be7 10. Bf4 O-O 11. O-O a6 12. Ba4 b5 13. Nxb5 axb5 14. Bxb5 Qc8 15.
a4 Ndb8 16. Qd2 Be4 17. Ne5 Na5 18. Qc3 f6 19. Nd3 Bxd3 20. Bxd3 e5 21. Be3
Nac6 22. b4 Nxd4 23. Bxd4 exd4 24. Qxd4 Rd8 25. Rfe1 Nc6 26. Qh4 g6 27. b5 Ne5
28. Rxe5 fxe5 29. Qxe7 e4 30. Be2 Re8 31. Qd6 Rd8 32. Bg4 Rxd6 33. Bxc8 Rd8 34.
Bb7 Rab8 35. c6 Re8 36. a5 d4 37. a6 d3 38. a7 Ra8 39. Bxa8 Rxa8 40. b6 d2 41.
b7 1-0

[Event "Wch Juvenil 2013 sub-16 femenino"]
[Site "Al-Ain UAE"]
[Date "2013.12.27"]
[Round "10.5"]
[White "Harazinska, Ewa"]
[Black "Mahalakshmi, M."]
[Result "1/2-1/2"]
[WhiteElo "2050"]
[BlackElo "2110"]
[PlyCount "117"]
[EventDate "2013.12.19"]
[EventType "swiss"]
[EventRounds "11"]
[EventCountry "UAE"]
[Source "lmi"]
[SourceDate "2013.12.19"]

1. d4 Nf6 2. c4 e6 3. Nc3 Bb4 4. Qc2 O-O 5. Nf3 d5 6. cxd5 exd5 7. Bg5 h6 8.
Bh4 c5 9. e3 Bg4 10. Ne5 g5 11. Bg3 cxd4 12. exd4 Nc6 13. Nxc6 bxc6 14. f3 c5
15. O-O-O Bh5 16. dxc5 Bxc5 17. Be5 Rc8 18. g4 Bg6 19. Bd3 Bxd3 20. Qxd3 Nd7
21. Bd4 Bxd4 22. Qxd4 Qf6 23. Kb1 Qg6+ 24. Ka1 Nb6 25. h4 Qg7 26. hxg5 hxg5 27.
Qxg7+ Kxg7 28. Nxd5 Nxd5 29. Rxd5 Kg6 30. Kb1 Rc7 31. Rhd1 f5 32. Rd6+ Rf6 33.
gxf5+ Kxf5 34. Rxf6+ Kxf6 35. Rd3 Kf5 36. a3 g4 37. fxg4+ Kxg4 38. b4 Kf5 39.
Kb2 Ke6 40. Kb3 Ke7 41. a4 Rd7 42. Rc3 Kd8 43. b5 Rc7 44. Rh3 Kc8 45. a5 Kb7
46. Kb4 Rc1 47. Rh7+ Kb8 48. Rh8+ Kc7 49. Rh7+ Kb8 50. Rh5 Rb1+ 51. Kc5 Rc1+
52. Kd6 Rd1+ 53. Rd5 Rxd5+ 54. Kxd5 a6 55. b6 Kb7 56. Kd6 Kb8 57. Kc6 Kc8 58.
b7+ Kb8 59. Kb6 1/2-1/2

[Event "Wch Juvenil 2013 sub-16 femenino"]
[Site "Al-Ain UAE"]
[Date "2013.12.27"]
[Round "10.6"]
[White "Rodionova, Polina"]
[Black "Derakhshani, Dorsa"]
[Result "1/2-1/2"]
[WhiteElo "2095"]
[BlackElo "2087"]
[PlyCount "80"]
[EventDate "2013.12.19"]
[EventType "swiss"]
[EventRounds "11"]
[EventCountry "UAE"]
[Source "lmi"]
[SourceDate "2013.12.19"]

1. e4 e5 2. Nf3 Nc6 3. Bb5 a6 4. Ba4 Nge7 5. O-O g6 6. c3 Bg7 7. d4 exd4 8.
cxd4 b5 9. Bc2 d5 10. Nc3 O-O 11. h3 dxe4 12. Bxe4 f5 13. Bxc6 Nxc6 14. d5 Ne7
15. Qb3 Kh8 16. Bf4 h6 17. Rad1 g5 18. Be5 Ng6 19. Bxg7+ Kxg7 20. Rfe1 Qd6 21.
Nd4 Kh7 22. Ne6 Rf6 23. Qc2 Bd7 24. Qe2 b4 25. Nb1 Re8 26. Qc4 Ne5 27. Qd4 Bxe6
28. Rxe5 Bd7 29. Rxe8 Bxe8 30. Nd2 c5 31. Qe3 Bb5 32. Nf3 Rf7 33. Qe5 Qxe5 34.
Nxe5 Re7 35. Nf3 Kg7 36. b3 Kf6 37. Rc1 Rc7 38. Re1 Re7 39. Rc1 Rc7 40. Re1 Re7
1/2-1/2

[Event "Wch Juvenil 2013 sub-16 femenino"]
[Site "Al-Ain UAE"]
[Date "2013.12.27"]
[Round "10.7"]
[White "Monnisha, Gk"]
[Black "Wafa, Shahenda"]
[Result "1-0"]
[WhiteElo "2180"]
[BlackElo "1883"]
[PlyCount "82"]
[EventDate "2013.12.19"]
[EventType "swiss"]
[EventRounds "11"]
[EventCountry "UAE"]
[Source "lmi"]
[SourceDate "2013.12.19"]

1. e4 c5 2. Nf3 Nc6 3. d4 cxd4 4. Nxd4 Nf6 5. Nc3 e5 6. Ndb5 d6 7. Bg5 a6 8.
Na3 b5 9. Nd5 Be7 10. Bxf6 Bxf6 11. c4 b4 12. Nc2 a5 13. g3 Bg5 14. h4 Bh6 15.
Bh3 O-O 16. Kf1 Bxh3+ 17. Rxh3 Ne7 18. Nxe7+ Qxe7 19. Qd3 Qe6 20. Rh2 Rfc8 21.
b3 a4 22. Rd1 axb3 23. axb3 Rcb8 24. Kg2 Rb6 25. Rhh1 g6 26. Ra1 Rf8 27. h5 Bg5
28. Ra4 Rfb8 29. Ra5 Qg4 30. hxg6 hxg6 31. Ra7 R6b7 32. Ra6 Rb6 33. f3 Qe6 34.
Ra5 Kg7 35. f4 Bf6 36. f5 gxf5 37. exf5 Qe7 38. Ne3 Bg5 39. Nd5 Qb7 40. f6+
Bxf6 41. Qf5 Ra8 1-0